00985cam a22001694a 4500008004100000020003100041050001800072110004000090245003400130260005900164300002900223505039700252650001800649942001200667999001600679952012000695040813s2006 mauab 001 0 eng  a015494066 (Spiral binding)00aQR41.2.M62b  aGwinnet Technical College, Georgia.10aMicrobiology lecture notes. / aLawrenceville, GA :bGwinnet Technical College,c2014. a172 p:b[Spiral binding] aContents: Microbiology (terminology and history) -- Microscopy and staining -- Cellular structure -- Nutrition and growth of bacteria -- Metabolism -- Controlling growth of microorganisms -- Sterilization and disinfection study sheet -- Genetics -- Taxonomy -- Eukaryotic organisms -- Immunology -- Epidemiology -- Chemotherapy -- Respiratory system -- Skin diseases-- Nervous system diseases 0aMicrobiology. 2lcccBK c7242d14742 00102lcc4070aWIUC-KLbWIUC-KLcNURS L.d2019-06-27oQR41.2.M62pKSN/147/19r2020-05-13 00:00:00w2020-05-13yBK